000
00348 a2200169 4500
001
191979
020
_a
978-85-08-16475-2
040
_c
Magnum
100
_a
Machado, Ana Maria
240
1
0
_a
Quem me dera
_l
por
245
1
0
_a
Quem me dera
300
_a
32
362
0
_a
2013
440
1
_a
Ática
697
_a
LITERATURA INFANTO
942
_c
BK
999
_c
191979
_d
191979